00551 a2200169 4500010001400000020002300014035001300037037001800050082001100068245007600079260004900155270009500204300002600299500002000325700001500345700002100360 aENG-89307 a8131303436c795.00 aEN-72840 bD.B.Act / Pub14a634.991 aAgroforestry-Indian perspective/cedited by L.K. Jha and P.K, Sen Sarma aNew DelhibAPH Publishing Corporationc2008 a4435-36/7, Ansari Road, Darya Ganj,bNew DelhicDelhie110002k23274050maphbook@vsnl.net ax, 341 p.c23 cm (Hb) aIncludes index1 aJha, L. K.1 aSen Sarma, P. K.